000 01085cam a22001814a 4500
005 20250605163350.0
008 250528s ||||||||||||||||||||||||d
035 _a17667
020 _a9786185112035
040 _aGR-AtMCL
_bgre
_dGR-AtMCL
_eAACR2
245 1 _aΓνωρίστε τη φωτογραφική μηχανή / Αξιοποιήστε τις Δυνατότες της, Τι είναι το Κάθε Κουμπί, Τι Κάνει Κάθε εικονίδιο, Πως θα Κάνετε Απλή και Εύκολη τη Χρήση της
260 _bDigerati,
_c2014
300 _a98
520 _aΕξωτερική Σχεδίαση και Χαρακτηριστικά, Εισαγωγή, Μπροστινή Πλευρά, Κάτω Πλευρα, Πίσω Πλευρά, Μάθετε τα Απαραίτητα, Ανάλυση Φωτογραφίας, Μάθετε τα Απαραίτητα για το Βίντεο, Ισορροπία Λευκού, Βασικές Ρυθμίστεις (Set Up), Σωστό Κράτημα.
942 _cBK
999 _c3069
_d3069